Southville International School and Colleges
Your cart is empty.
  • Cart
  • Lists
    Public lists Eva Luna New books Lux_list list_1
    Your lists Log in to create your own lists
  • Log in to your account
  • Your cookies
  • Search history
Southville International School and Colleges
  • Advanced search
  • Recent comments
  • Most popular
  • Libraries

Log in to your account

Log in with GOOGLE


If you do not have an external account, but do have a local account, you can still log in:

  1. Home
  2. MARC view: Moon song /
Normal view MARC view ISBD view

Moon song / (Record no. 110353)

[ view plain ]
MARC details
000 -LEADER
fixed length control field 00566nam a2200181 a 4500
001 - CONTROL NUMBER
control field 2175
005 - DATE AND TIME OF LATEST TRANSACTION
control field 20140414131854.0
008 - FIXED-LENGTH DATA ELEMENTS--GENERAL INFORMATION
fixed length control field 010323s19uu xx 00 eng d
020 ## - INTERNATIONAL STANDARD BOOK NUMBER
International Standard Book Number 0-688-08160-6
050 ## - LIBRARY OF CONGRESS CALL NUMBER
Classification number M 811.54
Item number M46 1990
100 ## - MAIN ENTRY--PERSONAL NAME
Personal name Meigs, Mildred Plew
245 ## - TITLE STATEMENT
Title Moon song /
Statement of responsibility, etc written by Mildred Plew Meigs ; illustrated by Chris Conover.
260 ## - PUBLICATION, DISTRIBUTION, ETC. (IMPRINT)
Place of publication, distribution, etc New York :
Name of publisher, distributor, etc Morrow Junior Books,
Date of publication, distribution, etc 1990.
300 ## - PHYSICAL DESCRIPTION
Extent p. : ill. ; cm.
520 ## - SUMMARY, ETC.
Summary, etc A lullaby in which a moon man fishes the sea for many treasure.
650 ## - SUBJECT ADDED ENTRY--TOPICAL TERM
Topical term or geographic name as entry element Lullabies.
Holdings
Withdrawn status Lost status Damaged status Use restrictions Home library Current library Shelving location Date acquired Source of acquisition Total Checkouts Full call number Barcode Date last seen Price effective from Koha item type
        Munich Library Munich Library Main Section 05/26/2005     M 811.54 M46 1990 M0739 04/14/2014 04/14/2014 Books

Moon song /

APA

Meigs M. P., . (1990). Moon song. New York: Morrow Junior Books.

Chicago

Meigs Mildred Plew, . 1990. Moon song. New York: Morrow Junior Books.

Harvard

Meigs M. P., . (1990). Moon song. New York: Morrow Junior Books.

MLA

Meigs Mildred Plew, . Moon song. New York: Morrow Junior Books. 1990.

  • Place hold
  • Print
  • Cite
  • Add to your cart (remove)
  • Save record
    BIBTEX Dublin Core MARCXML MARC (non-Unicode/MARC-8) MARC (Unicode/UTF-8) MARC (Unicode/UTF-8, Standard) MODS (XML) RIS
  • More searches
    Search for this title in:
    Other Libraries (WorldCat) Other Databases (Google Scholar) Online Stores (Bookfinder.com) Open Library (openlibrary.org)

Exporting to Dublin Core...

SOUTHVILLE LIBRARY

Southville International School and Colleges Library

1281 Tropical Ave. Cor. Luxembourg St., BF Homes International, Las Pinas City

Tel. No. 8256374 / 252358 Loc. 117/146

Powered by Koha